000 01434nam a2200241Ia 4500
003 Ost
005 20260507075335.0
008 260507s9999||||xx |||||||||||||| ||und||
020 _a95842499579
040 _cfsecg
041 _aara
082 _a330
100 _aالفتلاوي، كامل علاوي كاظم
_eمؤلف
245 0 _aالقياس الاقتصادي :
_bالنظرية و التحليل /
_c كامل علاوي كاظم الفتلاوي
260 _aعمان:
_bدار صفاء,
_c2011
300 _a288 صفحة؛
_bإيضاحات ؛
_c25 سم
520 _aنطاق القياس الاقتصادي و طبيعته و نموذج الانحدار الخطي ذي المتغيرين و الانحدار الخطي المتعدد ، الانحدار و تحليل التباين ، مشكلة الارتباط الذاتي و مشكلة الارتباط الخطي المتعدد و مشكلة عدم ثبات تجانس التباين ، المتغيرات المتأخرة زمنيا المعادلات الآنية و طرق تعديلها ، المتغيرات الوهمية و تحليل دالة الانتاج و تحليل السببية
653 _aالإحصاء - المعاملات الإرتباطية
653 _aالإقتصاد التحليلي
653 _aالإقتصاد القياسي
700 _aالزبيدي، حسن لطيف
_eمؤلف ثانوي
942 _cكتاب
999 _c44043
_d44043